000 00519nam a22001817a 4500
003 OSt
005 20221109215008.0
008 221006b |||||||| |||| 00| 0 eng d
040 _cBiblioteca Lado V
082 _a708
_bS366r
100 _9354
_aSchoenmaker, Theo
_ecoordinador
245 _aRijksMuseum Amsterdam/
260 _aAmsterdam
_c1995
300 _c21x29cm
_a176p.
700 _aBonito Oliva, Achille
_etextos
700 _aLea Remba, Luis e
_etextos
942 _2ddc
_c1
_h708
_iS366r
_n0
999 _c2549
_d2549